| 000 | 00712nam a2200217Ia 4500 | ||
|---|---|---|---|
| 001 | 15233 | ||
| 003 | GE_BSU | ||
| 008 | 181216s||||||||xx |||||||||||||| ||und|| | ||
| 040 | _cGE_BSU | ||
| 080 | _a821.353.1-1 | ||
| 100 | _aჩარკვიანი,ჯანსუღ | ||
| 245 | _aმე და მე: ახალი ლექსები და პოემები | ||
| 245 | _cრედ.დ.ბენაშვილი | ||
| 260 | _aთბილისი | ||
| 260 | _bმერანი | ||
| 260 | _c1984 | ||
| 300 | _a271გვ.1ფ.პორტრ.17სმ. | ||
| 653 | _aახალი ლექსები და პოემები | ||
| 653 | _aმე და მე | ||
| 942 | _cBK | ||
| 999 |
_c48345 _d48345 |
||